000
00444nam a2200181Ia 4500
008
151202s9999||||xx |||||||||||||| ||und||
082
_b
PNVM-50352
100
_a
मोरे महादेव.
245
_a
झळा.
260
_b
---
260
_c
0
300
_a
0
600
_a
मोरे महादेव.
630
_a
झळा.
700
_a
मोरे महादेव.
730
_a
झळा.
942
_c
BOOK
999
_c
1316894
_d
1316891